EU Countries Europe Map Quiz - Statistics

General Stats
  • This quiz has been taken 107 times
  • The average score is 24 of 26
Answers on the Map
Answers color-coded by a green-red scale on the quiz's map according to % correct below.
 
Answer Stats
Answer % Correct
Italy
100%
Spain
99%
France
97%
Germany
97%
Portugal
96%
Sweden
96%
Greece
95%
Belgium
93%
Ireland
93%
Poland
93%
Austria
92%
Finland
92%
Hungary
92%
Luxembourg
92%
Croatia
91%
Czech Republic
91%
Denmark
91%
Latvia
91%
Romania
91%
Slovenia
91%
Bulgaria
89%
Lithuania
89%
Netherlands
89%
Estonia
88%
Slovakia
88%
Malta
86%
No matching quizzes found
Score Distribution
Percent of People with Each Score
Percentile by Number Answered
Your Score History
You have not taken this quiz